Normal view
MARC view
Entry Topical Term
001 - CONTROL NUMBER
- control field: 2350
003 - CONTROL NUMBER IDENTIFIER
- control field: HDC
005 - DATE AND TIME OF LATEST TRANSACTION
- control field: 20230624073127.0
008 - FIXED-LENGTH DATA ELEMENTS
- fixed length control field: 210105|| aca||aabn | a|a d
040 ## - CATALOGING SOURCE
- Original cataloging agency: HDC
- Transcribing agency: HDC
150 ## - HEADING--TOPICAL TERM
- Topical term or geographic name entry element: Medicine
- General subdivision: Religious aspects--Islam
670 ## - SOURCE DATA FOUND
- Source citation: Work cat.: (HDC): Zaahira Muhammad author 2349, Islam and the Obsession of Beauty, 2008
